Gründungsdatum zu Verein - Statistiken

Allgemein
  • Dieses Quiz wurde 43 mal gespielt
  • Das Durchschnittsergebnis liegt bei 6 aus 15
Antwortstatistiken
Hint Antwort % Korrekt
19.12.1909 Borussia Dortmund
70%
04.05.1904 FC Schalke
62%
13.02.1948 1.FC Köln
59%
27.02.1900 FC Bayern München
57%
29.09.1887 Hamburger SV
51%
20.01.1966 Union Berlin
46%
09.09.1893 VFB Stuttgart
43%
01.07.1904 Bayer Leverkusen
41%
25.07.1892 Hertha BSC
35%
15.05.1910 FC St.Pauli
27%
04.05.1900 1.FC Nürnberg
19%
08.03.1899 Eintracht Frankfurt
19%
04.02.1899 Werder Bremen
19%
01.08.1900 Borussia Mönchengladbach
16%
30.05.1904 SC Freiburg
5%
Keine übereinstimmenden Quizze gefunden
Verteilung der Resultate
Anzahl Personen mit jedem Resultat
Perzentil nach korrekt beantworteten Fragen
Ihre Resultats-Entwicklung
Sie haben dieses Quiz noch nicht gespielt